000 00515nam a2200133Ia 4500
008 220615s9999||||xx |||||||||||||| ||und||
020 _a9780260000000
100 _aJenkins, Henry
245 0 _aConfronting the Challenges of Participatory Culture
_bMedia Education for the 21st Century
546 _aEnglish[eng]
650 _aImpact of science and technology on society||Educational equipment and technology, computer-aided learning (CAL)
856 _uhttps://doi.org/10.7551/mitpress/8435.001.0001
942 _cEB
999 _c13007
_d13007